000 00432nam a2200169Ia 4500
003 Ost
005 20260225132600.0
008 260225s9999||||xx |||||||||||||| ||und||
020 _a9782760512993
040 _cfsic
041 _afre
082 _a70.4
100 _aMaisonneuve. Danielle
_eAuteur
245 0 _aLES RELATION PUBLIQUES :
245 0 _bLE SYNDROME DE LA CAGE DE FARADAY /
_cMaisonneuve. Danielle
942 _cكتاب
999 _c34723
_d34723